| 000 | 00378nam a2200145Ia 4500 | ||
|---|---|---|---|
| 008 | 240624s9999 xx 000 0 und d | ||
| 041 | _aeng | ||
| 082 | _a658.3 MAR | ||
| 100 | _aMARCHINGTON MICK | ||
| 245 | _aHUMAN RESOURCE MANAGEMENT AT WORK PEOPLE | ||
| 250 | _a(3rd ed.) | ||
| 260 |
_c2005 _aNew Delhi _bPinnacle |
||
| 300 | _axxi, : 468 : p. : cm. ; 24 | ||
| 365 |
_cRS _b34 |
||
| 999 |
_c15039 _d15039 |
||